000 00488nam a2200181Ia 4500
001 9521
005 20260306161724.0
008 260306t2022||||xx |||||||||||||| ||spa||
041 _aESP
082 _a324.9850632
_bD75
100 _aDietz, Henry A.
_eAUT
245 0 _aCrecimiento demográfico, segregación social y comportamiento del votante en Lima 1940-2016
260 _c2022
300 _a292 páginas :
_c20 cm.
650 _aGEN
654 _aCDE
942 _cLIB
_dJUS
_fJUS
_2ddc
_n
999 _c9521
_d9521